00534nam a2200169 i 450000100060000000300090000600500170001500700030003200800410003524500520007625000160012826000500014430000200019450000680021471000600028285200220034246283ES-MaACL20230906161345.0t|030328s1878 fr ||||1| fre d00aComptes reudes de scances de 1877-(8-9-1880-1). a4eme serie. aParís : b[s.n., c1878] (fImp. Nationale) a5 v. ; c22 cm. aPrecede al tít.: Academie des Inscriptions et Belles Lettres.2 aAcadémie des inscriptions et belles-lettres (Francia) aES-MaACLjG-373-7